Countries Ending in 'I' Quiz Stats

Quiz Updated Nov 3, 2015

Challenge
Share
Tweet
Embed
Score 0/8 Timer 02:00
0 Plays Today
% Correct
Fiji
75.4%
Mali
69.6%
Haiti
61.4%
Kiribati
59.7%
Djibouti
57.3%
Malawi
56.9%
Burundi
56.8%
Brunei
49.1%

You're not logged in!

Compare scores with friends on all Sporcle quizzes.
Join for Free
OR
Log In

You Might Also Like...

Show Comments

Extras

Top Quizzes Today


Score Distribution

Your Account Isn't Verified!

In order to create a playlist on Sporcle, you need to verify the email address you used during registration. Go to your Sporcle Settings to finish the process.

Report this User

Report this user for behavior that violates our Community Guidelines.

Details: